| 000 | 00614cam a22002057a 4500 | ||
|---|---|---|---|
| 001 | 000008612 | ||
| 005 | 20200929161355.0 | ||
| 008 | 931206s1993 ck 000 0 spa | ||
| 010 | _a93239763 | ||
| 020 | _a9583400122 | ||
| 040 |
_aDO-SdBNP _cDLC |
||
| 082 |
_aCo863.44 _bP348e |
||
| 100 | 1 |
_aPaz, Víctor, _d1945- _923041 |
|
| 245 | 1 | 3 |
_aLa eternidad y el olvido / _cVíctor Paz Otero. |
| 260 |
_aSantafé de Bogotá : _bProducciones Plaza & Janes, _c1993. |
||
| 300 |
_a250 p. ; _c21 cm. |
||
| 650 | 4 |
_aNovela colombiana _91243 |
|
| 650 | 4 |
_aLiteratura colombiana _91244 |
|
| 910 | _aCatalogación por copia / LC | ||
| 999 |
_c8382 _d8382 |
||